Resultados y lecciones en sabores de Aysén, valorización de productos locales: proyectos de innovación en XI Región de Aysén
Guardat en:
| Autor corporatiu: | , |
|---|---|
| Format: | Llibre |
| Idioma: | espanyol |
| Publicat: |
Santiago
FIA
2009
|
| Col·lecció: | Experiencias de Innovación para el Emprendimiento Agrario, 49
|
| Matèries: | |
| Etiquetes: |
Afegir etiqueta
Sense etiquetes, Sigues el primer a etiquetar aquest registre!
|
MARC
| LEADER | 00000nam a2200000 a 4500 | ||
|---|---|---|---|
| 001 | UCG3631 | ||
| 003 | CL-VaPUC | ||
| 008 | 100909e20090800CL |||||||||||||||||spa|d | ||
| 020 | |a 9789563280531 | ||
| 082 | 0 | 4 | |a 338.17 |b FUN |2 21 |
| 110 | 2 | |a Fundación para la Innovación Agraria |e author |9 552928 | |
| 710 | 2 | |a Ministerio de Agricultura |e author |9 552929 | |
| 245 | 1 | 0 | |a Resultados y lecciones en sabores de Aysén, valorización de productos locales: proyectos de innovación en XI Región de Aysén |
| 300 | |a 36 p | ||
| 942 | |c BK | ||
| 945 | |d 20100909 00:00:00 |a dcastane | ||
| 260 | |a Santiago |b FIA |c 2009 | ||
| 500 | |a Incluye separata Ficha de valoración de resultados | ||
| 650 | 0 | |a Huertos |9 264866 | |
| 650 | 0 | |a Cultivos |9 264356 | |
| 650 | 0 | |a Producción agrícola |9 353481 | |
| 650 | 0 | |a Análisis de mercado |9 260838 | |
| 583 | |a last modification |c 20180522 03:59:48 |k Rodrigo Vera | ||
| 490 | 0 | |a Experiencias de Innovación para el Emprendimiento Agrario, 49 | |
| 999 | |c 342678 |d 342676 | ||
| 952 | |0 0 |1 0 |4 0 |6 338_170000000000000_FUN_2009 |7 0 |8 A |9 439114 |a BIBAGR |b BIBAGR |d 2019-11-22 |i 4710576 |o 338.17 FUN 2009 |p 4710576 |r 2025-01-20 |w 2019-11-22 |y BK |k AGR | ||
| 952 | |0 0 |1 0 |4 0 |6 338_170000000000000_FUN_2009 |7 0 |8 A |9 439115 |a BIBAGR |b BIBAGR |d 2019-11-22 |i 4710584 |o 338.17 FUN 2009 |p 4710584 |r 2025-01-20 |w 2019-11-22 |y BK |k AGR | ||
| 952 | |0 0 |1 0 |4 0 |6 338_170000000000000_FUN_2009 |7 0 |8 A |9 439116 |a BIBAGR |b BIBAGR |d 2019-11-22 |i 4751116 |o 338.17 FUN 2009 |p 4751116 |r 2025-01-20 |w 2019-11-22 |y BK |k AGR | ||